000 00614nam a2200229Ia 4500
003 OSt
005 20221007075956.0
006 a|||||r|||| 00| 0
007 ta
008 221006b |||||||| |||| 00| 0 eng d
024 _a18,164
037 _cTextual
040 _aFLL
_cFLL
_beng
041 _2eng
_aeng
082 _aY7.2.N79-N69.f, M5.3
245 0 _aSurvey of research in sociology and social anthropology
260 _aNew Delhi
_bSatvahan India
_c1985
300 _a264p
_ccm.
490 _vVol.3
942 _hY7.2.N79-N69.f, M5.3
_cTEXL
_2CC
999 _c1157988
_d1157988